000 00810nam a2200241 i 4500
001 144183
003 ES-MaACL
005 20230906200948.0
007 t|
008 070214s1976 sp ab |||| | spa d
020 _a84-276-0344-4
080 _a330.841
245 0 0 _aSinapia
_b: una utopía española del Siglo de las Luces /
_c[edición a cargo de] Miguel Avilés Fernández.
260 _aMadrid :
_bEd. Nacional,
_c1976 (
_fMontaña)
300 _a134 p. :
_bil., mapas ;
_c20 cm.
490 1 _aBiblioteca de visionarios, heterodoxos y marginados ;
_v11
500 _aÍndice.
650 4 _aUtopías.
_917719
700 1 _aAvilés Fernández, Miguel.
_924074
830 0 _aBiblioteca de visionarios, heterodoxos y marginados ;
_v11
_9181090
852 _aES-MaACL
_jA-5722
999 _c144183
_d144183